Ochranná známka ako jedna z foriem majetku využívaná v podnikateľskej činnosti MSP v SR

Ochranná známka ako špecifický druh majetku, ktorý v rôznej miere vplýva na ekonomickú činnosť podniku. Prieskum uskutočnený v slovenských malých a stredných podnikoch, ktorý sledoval využívanie ochranných známok zúčastnenými podnikmi. Výsledky prieskumu. Význam ochrannej známky ako duševného vlast...

Ausführliche Beschreibung

Gespeichert in:
Bibliographische Detailangaben
1. Verfasser: Križan, Martin
Format: Buchkapitel
Sprache:Slowakisch
Schlagworte:
Tags: Tag hinzufügen
Keine Tags, Fügen Sie das erste Tag hinzu!

MARC

LEADER 00000nla$a2200000$$$4500
001 0111761
005 20240502072234.5
041 0 |a slo 
044 |a SK 
245 1 0 |a Ochranná známka ako jedna z foriem majetku využívaná v podnikateľskej činnosti MSP v SR  |c Martin Križan 
520 |a Ochranná známka ako špecifický druh majetku, ktorý v rôznej miere vplýva na ekonomickú činnosť podniku. Prieskum uskutočnený v slovenských malých a stredných podnikoch, ktorý sledoval využívanie ochranných známok zúčastnenými podnikmi. Výsledky prieskumu. Význam ochrannej známky ako duševného vlastníctva v podnikaní. 
610 2 0 |a známky ochranné 
610 2 0 |a právo priemyselné 
610 2 0 |a vlastníctvo duševné 
610 2 0 |a podnik malý 
610 2 0 |a podnik stredný 
610 2 0 |a prieskum štatistický 
610 2 0 |a Slovensko 
100 1 |a Križan, Martin